[Event "Begonia op 47th"]
[Site "Ballarat"]
[Date "2013.03.09"]
[Round "1"]
[White "Li, Zuhao Luke"]
[Black "Humphreys, Scott"]
[Result "1-0"]
[WhiteElo "2285"]
[BlackElo "1663"]
[PlyCount "33"]
[EventDate "2013.03.09"]
[EventType "swiss"]
[EventRounds "7"]
[EventCountry "AUS"]
[SourceTitle "CBM 153 Extra"]
[Source "ChessBase"]
[SourceDate "2013.04.22"]
[SourceVersion "1"]
[SourceVersionDate "2013.04.22"]
[SourceQuality "1"]

1. d4 d6 2. e4 Nf6 3. Nc3 c6 4. h3 e5 5. Nf3 Nbd7 6. a4 Be7 7. Bc4 0-0 8. 0-0 Nxe4 9. Nxe4 d5 10. Nxe5 Nxe5 11. dxe5 dxc4 12. Qh5 Qd4 13. Re1 g6 14. Qf3 Qxe5 15. Bh6 Re8 16. Nf6+ Bxf6 17. Qxf6 1-0

[Event "Doeberl Cup Major 48th"]
[Site "Canberra"]
[Date "2010.04.02"]
[Round "1"]
[White "Ali, Mosaddeque"]
[Black "Humphreys, Scott"]
[Result "1-0"]
[WhiteElo "1690"]
[BlackElo "1365"]
[PlyCount "31"]
[EventDate "2010.04.02"]
[EventType "swiss"]
[EventRounds "7"]
[EventCountry "AUS"]
[SourceTitle "EXT 2012"]
[Source "ChessBase"]
[SourceDate "2011.11.24"]
[SourceVersion "1"]
[SourceVersionDate "2011.11.24"]
[SourceQuality "1"]

1. e4 Nf6 2. Nc3 d5 3. e5 Nfd7 4. d4 c5 5. dxc5 e6 6. Nf3 Bxc5 7. Bd3 Nc6 8. Bf4 a6 9. Qe2 b5 10. 0-0 0-0 11. Bxh7+ Kh8 12. Ng5 g6 13. Qg4 Ndxe5 14. Qh3 Kg7 15. Nge4 Be7 16. Qh6+ 1-0

[Event "Doeberl Cup Minor 47th"]
[Site "Canberra"]
[Date "2009.04.12"]
[Round "5"]
[White "Humphreys, Scott"]
[Black "Ang, Stephanie"]
[Result "1-0"]
[WhiteElo "1417"]
[BlackElo "1165"]
[PlyCount "45"]
[EventDate "2009.04.10"]
[EventType "swiss"]
[EventRounds "6"]
[EventCountry "AUS"]
[SourceTitle "CBM 129 Extra"]
[Source "ChessBase"]
[SourceDate "2009.05.05"]
[SourceVersion "2"]
[SourceVersionDate "2009.05.20"]
[SourceQuality "1"]

1. Nf3 d5 2. c4 d4 3. e3 Nc6 4. d3 e5 5. Be2 Nf6 6. 0-0 Be7 7. Qc2 0-0 8. Rd1 Bg4 9. Nbd2 Bh5 10. b3 Bc5 11. Ne4 Nxe4 12. dxe4 Qe7 13. Ne1 Bg6 14. Bd3 Qg5 15. exd4 Qh5 16. dxc5 f5 17. exf5 Bxf5 18. Bxf5 Rxf5 19. Be3 Raf8 20. Qe4 Nd4 21. Bxd4 exd4 22. f3 Qg5 23. Qxd4 1-0

[Event "Doeberl Cup Minor 47th"]
[Site "Canberra"]
[Date "2009.04.11"]
[Round "3"]
[White "Humphreys, Scott"]
[Black "Scully, Mark"]
[Result "1/2-1/2"]
[WhiteElo "1417"]
[BlackElo "1110"]
[PlyCount "112"]
[EventDate "2009.04.10"]
[EventType "swiss"]
[EventRounds "6"]
[EventCountry "AUS"]
[SourceTitle "CBM 129 Extra"]
[Source "ChessBase"]
[SourceDate "2009.05.05"]
[SourceVersion "2"]
[SourceVersionDate "2009.05.20"]
[SourceQuality "1"]

1. Nf3 Nc6 2. d4 d5 3. Bf4 Bg4 4. h3 Bd7 5. Nc3 e6 6. Nb5 Rc8 7. Nxc7+ Rxc7 8. Bxc7 Qxc7 9. e3 Bd6 10. c3 Nf6 11. Bd3 0-0 12. 0-0 Ne4 13. Rc1 f5 14. Nd2 e5 15. Nxe4 fxe4 16. Be2 exd4 17. cxd4 Rf5 18. Bg4 Rg5 19. Bxd7 Qxd7 20. Kh1 g6 21. g4 Rh5 22. Kg2 Rh4 23. f4 h5 24. Qe1 Be7 25. Rh1 hxg4 26. Qg3 gxh3+ 27. Kf1 Kg7 28. a3 Na5 29. Rc2 Qb5+ 30. Kg1 Qd3 31. Rf2 Qd1+ 32. Kh2 Qg4 33. Rg1 Qxg3+ 34. Rxg3 Nc4 35. Rc2 Bd6 36. Kh1 Kf6 37. Re2 Rh5 38. Rf2 Rh7 39. Re2 Bc7 40. Rc2 Ba5 41. b4 Bb6 42. a4 Bc7 43. Rc3 Bd6 44. Rb3 Nd2 45. Rb2 Nf3 46. b5 h2 47. Rbg2 Rh6 48. Rg4 Bb4 49. Re2 Bd2 50. Rgg2 Rh7 51. Rxd2 Nxd2 52. Rxd2 Rh3 53. Re2 Kf5 54. Re1 Rh5 55. Kg2 h1Q+ 56. Rxh1 a6 1/2-1/2

[Event "Doeberl Cup Minor 47th"]
[Site "Canberra"]
[Date "2009.04.10"]
[Round "2"]
[White "Ng, Joshua"]
[Black "Humphreys, Scott"]
[Result "1-0"]
[WhiteElo "1210"]
[BlackElo "1417"]
[PlyCount "51"]
[EventDate "2009.04.10"]
[EventType "swiss"]
[EventRounds "6"]
[EventCountry "AUS"]
[SourceTitle "CBM 129 Extra"]
[Source "ChessBase"]
[SourceDate "2009.05.05"]
[SourceVersion "2"]
[SourceVersionDate "2009.05.20"]
[SourceQuality "1"]

1. d4 Nf6 2. Nf3 e6 3. Bf4 b6 4. e3 Bb7 5. Nbd2 Be7 6. Bd3 Nh5 7. Bg3 Nxg3 8. hxg3 g6 9. c3 d5 10. Qe2 Nd7 11. 0-0 f5 12. Ne5 Nxe5 13. dxe5 Qd7 14. f4 0-0-0 15. Ba6 h6 16. a4 c6 17. b4 Bxa6 18. Qxa6+ Qb7 19. Qe2 Kd7 20. Nb3 c5 21. bxc5 bxc5 22. Rfb1 Qc7 23. Qb5+ Kc8 24. Na5 Rde8 25. Qa6+ Kd8 26. Nc6+ 1-0